<?xml version="1.0" encoding="UTF-8"?>
<record
    xmlns:xsi="http://www.w3.org/2001/XMLSchema-instance"
    xsi:schemaLocation="http://www.loc.gov/MARC21/slim http://www.loc.gov/standards/marcxml/schema/MARC21slim.xsd"
    xmlns="http://www.loc.gov/MARC21/slim">

  <leader>02632    a2200289   4500</leader>
  <controlfield tag="003">NALT</controlfield>
  <controlfield tag="005">20250721164530.0</controlfield>
  <controlfield tag="008">250612b        th ||||| |||| 00| 0 tha d</controlfield>
  <datafield tag="020" ind1=" " ind2=" ">
    <subfield code="a">9786162628115</subfield>
  </datafield>
  <datafield tag="040" ind1=" " ind2=" ">
    <subfield code="a">NALT</subfield>
  </datafield>
  <datafield tag="050" ind1=" " ind2=" ">
    <subfield code="a">QA 76.76.W56</subfield>
    <subfield code="b">&#xE2D;568&#xE25; 2566</subfield>
  </datafield>
  <datafield tag="100" ind1="0" ind2=" ">
    <subfield code="a">&#xE2D;&#xE31;&#xE21;&#xE23;&#xE34;&#xE19;&#xE17;&#xE23;&#xE4C; &#xE40;&#xE1E;&#xE47;&#xE0A;&#xE23;&#xE01;&#xE38;&#xE25;.</subfield>
    <subfield code="9">32474</subfield>
  </datafield>
  <datafield tag="245" ind1="1" ind2="0">
    <subfield code="a">&#xE25;&#xE49;&#xE32;&#xE07;&#xE40;&#xE04;&#xE23;&#xE37;&#xE48;&#xE2D;&#xE07;&#xE25;&#xE07; Windows 10/11 &#xE41;&#xE25;&#xE30;&#xE42;&#xE1B;&#xE23;&#xE41;&#xE01;&#xE23;&#xE21;&#xE43;&#xE0A;&#xE49;&#xE07;&#xE32;&#xE19;&#xE17;&#xE35;&#xE48;&#xE04;&#xE27;&#xE23;&#xE21;&#xE35; /</subfield>
    <subfield code="c">&#xE2D;&#xE31;&#xE21;&#xE23;&#xE34;&#xE19;&#xE17;&#xE23;&#xE4C; &#xE40;&#xE1E;&#xE47;&#xE0A;&#xE23;&#xE01;&#xE38;&#xE25; ; &#xE01;&#xE2D;&#xE07;&#xE1A;&#xE23;&#xE23;&#xE13;&#xE32;&#xE18;&#xE34;&#xE01;&#xE32;&#xE23;, &#xE1B;&#xE34;&#xE22;&#xE30; &#xE19;&#xE32;&#xE01;&#xE2A;&#xE07;&#xE04;&#xE4C; ... [&#xE41;&#xE25;&#xE30;&#xE04;&#xE19;&#xE2D;&#xE37;&#xE48;&#xE19; &#xE46;].</subfield>
  </datafield>
  <datafield tag="250" ind1=" " ind2=" ">
    <subfield code="a">&#xE1E;&#xE34;&#xE21;&#xE1E;&#xE4C;&#xE04;&#xE23;&#xE31;&#xE49;&#xE07;&#xE17;&#xE35;&#xE48; 1.</subfield>
  </datafield>
  <datafield tag="260" ind1=" " ind2=" ">
    <subfield code="a">&#xE01;&#xE23;&#xE38;&#xE07;&#xE40;&#xE17;&#xE1E;&#xE2F; :</subfield>
    <subfield code="b">&#xE23;&#xE35;&#xE44;&#xE27;&#xE27;&#xE48;&#xE32;,</subfield>
    <subfield code="c">2566.</subfield>
  </datafield>
  <datafield tag="300" ind1=" " ind2=" ">
    <subfield code="a">214 &#xE2B;&#xE19;&#xE49;&#xE32; :</subfield>
    <subfield code="b">&#xE20;&#xE32;&#xE1E;&#xE1B;&#xE23;&#xE30;&#xE01;&#xE2D;&#xE1A; ;</subfield>
    <subfield code="c">21 &#xE0B;&#xE21;.</subfield>
  </datafield>
  <datafield tag="505" ind1="2" ind2=" ">
    <subfield code="a">Intro &#xE40;&#xE23;&#xE37;&#xE48;&#xE2D;&#xE07;&#xE15;&#xE49;&#xE2D;&#xE07;&#xE23;&#xE39;&#xE49;&#xE01;&#xE48;&#xE2D;&#xE19;&#xE25;&#xE07;&#xE21;&#xE37;&#xE2D;&#xE25;&#xE49;&#xE32;&#xE07;&#xE40;&#xE04;&#xE23;&#xE37;&#xE48;&#xE2D;&#xE07; --
1 &#xE2A;&#xE33;&#xE23;&#xE2D;&#xE07;&#xE02;&#xE49;&#xE2D;&#xE21;&#xE39;&#xE25;&#xE2A;&#xE33;&#xE04;&#xE31;&#xE0D;&#xE01;&#xE48;&#xE2D;&#xE19;&#xE25;&#xE49;&#xE32;&#xE07;&#xE40;&#xE04;&#xE23;&#xE37;&#xE48;&#xE2D;&#xE07; --
2 &#xE40;&#xE15;&#xE23;&#xE35;&#xE22;&#xE21;&#xE44;&#xE14;&#xE23;&#xE40;&#xE27;&#xE2D;&#xE23;&#xE4C;&#xE2D;&#xE38;&#xE1B;&#xE01;&#xE23;&#xE13;&#xE4C; --
3 &#xE25;&#xE07; Windows &#xE43;&#xE2B;&#xE21;&#xE48; : Windows 10 --
4 &#xE25;&#xE07; Windows &#xE43;&#xE2B;&#xE21;&#xE48; : Windows 7 --
5 &#xE25;&#xE07;&#xE44;&#xE14;&#xE23;&#xE40;&#xE27;&#xE2D;&#xE23;&#xE4C;&#xE2D;&#xE38;&#xE1B;&#xE01;&#xE23;&#xE13;&#xE4C;&#xE2B;&#xE25;&#xE31;&#xE07;&#xE15;&#xE34;&#xE14;&#xE15;&#xE31;&#xE49;&#xE07; Windows --
6 &#xE40;&#xE15;&#xE23;&#xE35;&#xE22;&#xE21; Windows &#xE43;&#xE2B;&#xE49;&#xE1E;&#xE23;&#xE49;&#xE2D;&#xE21;&#xE43;&#xE0A;&#xE49;&#xE07;&#xE32;&#xE19; --
7 &#xE04;&#xE37;&#xE19;&#xE02;&#xE49;&#xE2D;&#xE21;&#xE39;&#xE25;&#xE2B;&#xE25;&#xE31;&#xE07;&#xE25;&#xE49;&#xE32;&#xE07;&#xE40;&#xE04;&#xE23;&#xE37;&#xE48;&#xE2D;&#xE07; --
8 &#xE15;&#xE34;&#xE14;&#xE15;&#xE31;&#xE49;&#xE07;&#xE42;&#xE1B;&#xE23;&#xE41;&#xE01;&#xE23;&#xE21;&#xE2A;&#xE32;&#xE21;&#xE31;&#xE0D; --
9 &#xE40;&#xE04;&#xE25;&#xE47;&#xE14;&#xE25;&#xE31;&#xE1A;&#xE14;&#xE39;&#xE41;&#xE25;&#xE23;&#xE31;&#xE01;&#xE29;&#xE32; Windows &#xE43;&#xE2B;&#xE49;&#xE22;&#xE37;&#xE19;&#xE22;&#xE32;&#xE27; --
&#xE08;&#xE31;&#xE14;&#xE01;&#xE32;&#xE23;&#xE1E;&#xE32;&#xE23;&#xE4C;&#xE17;&#xE34;&#xE0A;&#xE31;&#xE19; --
&#xE15;&#xE34;&#xE14;&#xE15;&#xE31;&#xE49;&#xE07; Windows &#xE41;&#xE1A;&#xE1A;&#xE2A;&#xE2D;&#xE07;&#xE23;&#xE30;&#xE1A;&#xE1A; --
&#xE41;&#xE01;&#xE49;&#xE1B;&#xE31;&#xE0D;&#xE2B;&#xE32;&#xE2E;&#xE32;&#xE23;&#xE4C;&#xE14;&#xE41;&#xE27;&#xE23;&#xE4C;&#xE04;&#xE2D;&#xE21;&#xE1E;&#xE34;&#xE27;&#xE40;&#xE15;&#xE2D;&#xE23;&#xE4C; --
&#xE41;&#xE01;&#xE49;&#xE1B;&#xE31;&#xE0D;&#xE2B;&#xE32; Windows --
&#xE41;&#xE01;&#xE49;&#xE1B;&#xE31;&#xE0D;&#xE2B;&#xE32;&#xE44;&#xE27;&#xE23;&#xE31;&#xE2A;&#xE04;&#xE2D;&#xE21;&#xE1E;&#xE34;&#xE27;&#xE40;&#xE15;&#xE2D;&#xE23;&#xE4C; --
&#xE41;&#xE01;&#xE49;&#xE1B;&#xE31;&#xE0D;&#xE2B;&#xE32;&#xE02;&#xE49;&#xE2D;&#xE21;&#xE39;&#xE25;&#xE2A;&#xE39;&#xE0D;&#xE2B;&#xE32;&#xE22; --
&#xE25;&#xE07; Windows &#xE43;&#xE2B;&#xE21;&#xE48; : Windows 11.</subfield>
  </datafield>
  <datafield tag="650" ind1=" " ind2="4">
    <subfield code="a">&#xE44;&#xE21;&#xE42;&#xE04;&#xE23;&#xE0B;&#xE2D;&#xE1F;&#xE15;&#xE4C;&#xE27;&#xE34;&#xE19;&#xE42;&#xE14;&#xE27;&#xE2A;&#xE4C; 10</subfield>
    <subfield code="9">39280</subfield>
  </datafield>
  <datafield tag="650" ind1=" " ind2="4">
    <subfield code="a">&#xE44;&#xE21;&#xE42;&#xE04;&#xE23;&#xE0B;&#xE2D;&#xE1F;&#xE15;&#xE4C;&#xE27;&#xE34;&#xE19;&#xE42;&#xE14;&#xE27;&#xE2A;&#xE4C; 11</subfield>
    <subfield code="9">66330</subfield>
  </datafield>
  <datafield tag="650" ind1=" " ind2="4">
    <subfield code="a">&#xE27;&#xE34;&#xE19;&#xE42;&#xE14;&#xE27;&#xE2A;&#xE4C; (&#xE42;&#xE1B;&#xE23;&#xE41;&#xE01;&#xE23;&#xE21;&#xE04;&#xE2D;&#xE21;&#xE1E;&#xE34;&#xE27;&#xE40;&#xE15;&#xE2D;&#xE23;&#xE4C;)</subfield>
    <subfield code="9">38808</subfield>
  </datafield>
  <datafield tag="700" ind1="0" ind2=" ">
    <subfield code="a">&#xE1B;&#xE34;&#xE22;&#xE30; &#xE19;&#xE32;&#xE01;&#xE2A;&#xE07;&#xE04;&#xE4C;.</subfield>
    <subfield code="9">36692</subfield>
  </datafield>
  <datafield tag="710" ind1="2" ind2=" ">
    <subfield code="a">&#xE01;&#xE2D;&#xE07;&#xE1A;&#xE23;&#xE23;&#xE13;&#xE32;&#xE18;&#xE34;&#xE01;&#xE32;&#xE23;.</subfield>
    <subfield code="9">7346</subfield>
  </datafield>
  <datafield tag="942" ind1=" " ind2=" ">
    <subfield code="c">GB</subfield>
    <subfield code="2">lcc</subfield>
  </datafield>
  <datafield tag="996" ind1=" " ind2=" ">
    <subfield code="a">jidapa.t</subfield>
    <subfield code="b">ACQSTF</subfield>
    <subfield code="c">2025-06-12</subfield>
  </datafield>
  <datafield tag="996" ind1=" " ind2=" ">
    <subfield code="a">varee.k</subfield>
    <subfield code="b">LIBSTF</subfield>
    <subfield code="c">2025-06-30</subfield>
  </datafield>
  <datafield tag="996" ind1=" " ind2=" ">
    <subfield code="a">jamriang.p</subfield>
    <subfield code="b">CATSTF	</subfield>
    <subfield code="c">2025-07-21</subfield>
  </datafield>
  <datafield tag="999" ind1=" " ind2=" ">
    <subfield code="c">106815</subfield>
    <subfield code="d">106815</subfield>
  </datafield>
  <datafield tag="998" ind1=" " ind2=" ">
    <subfield code="j">1020</subfield>
    <subfield code="k"> &#xE19;&#xE32;&#xE07;&#xE08;&#xE33;&#xE40;&#xE23;&#xE35;&#xE22;&#xE07;  &#xE23;&#xE30;&#xE27;&#xE31;&#xE07;&#xE2A;&#xE33;&#xE42;&#xE23;&#xE07;</subfield>
  </datafield>
  <datafield tag="952" ind1=" " ind2=" ">
    <subfield code="0">0</subfield>
    <subfield code="1">0</subfield>
    <subfield code="2">lcc</subfield>
    <subfield code="4">0</subfield>
    <subfield code="7">0</subfield>
    <subfield code="8">CGBL</subfield>
    <subfield code="a">NALT</subfield>
    <subfield code="b">NALT</subfield>
    <subfield code="c">GEN</subfield>
    <subfield code="d">2025-06-05</subfield>
    <subfield code="e">192</subfield>
    <subfield code="l">0</subfield>
    <subfield code="o">QA 76.76.W56 &#xE2D;568&#xE25; 2566</subfield>
    <subfield code="p">3961215297</subfield>
    <subfield code="r">2025-06-05 00:00:00</subfield>
    <subfield code="w">2025-06-05</subfield>
    <subfield code="y">GB</subfield>
  </datafield>
</record>
